<?xml version="1.0" encoding="UTF-8"?>
<collection xmlns="http://www.loc.gov/MARC21/slim">
 <record>
  <leader>01540nam a22002535a 4500</leader>
  <controlfield tag="001">CEM.cems021354</controlfield>
  <controlfield tag="008">240813s1991####ag############000#0#und#d</controlfield>
  <controlfield tag="005">20240813151959.0</controlfield>
  <datafield tag="245" ind1="1" ind2="0">
   <subfield code="a">Los Selknam :</subfield>
   <subfield code="b">el verdadero nombre de los onas /</subfield>
   <subfield code="c">Miguel Ángel Palermo y Roxana Edith Boixados ; ilustrado por Huadi.</subfield>
  </datafield>
  <datafield tag="250" ind1=" " ind2=" ">
   <subfield code="a">1a ed.</subfield>
  </datafield>
  <datafield tag="260" ind1=" " ind2=" ">
   <subfield code="a">Buenos Aires :</subfield>
   <subfield code="b">Libros del Quirquincho,</subfield>
   <subfield code="c">1991.</subfield>
  </datafield>
  <datafield tag="300" ind1=" " ind2=" ">
   <subfield code="a">64 p.</subfield>
  </datafield>
  <datafield tag="490" ind1="1" ind2=" ">
   <subfield code="a">La otra historia ;</subfield>
   <subfield code="v">3</subfield>
  </datafield>
  <datafield tag="505" ind1="0" ind2=" ">
   <subfield code="a">Los selknam -- Nombres conocidos y nombres verdaderos -- Gente venida del norte -- Los selknam y sus vecinos -- Viajeros en sus territorios -- Conseguir comida y algo más -- Flor de trabajo -- Juntando cosas -- Veamos el menú -- La vajilla y los modales en la mesa -- Nada de vicios -- Hacerse todo -- Los trabajos y la vida -- Casas y cosas -- Nada de jefes -- Cómo llevarse bien con la gente, según los selknam -- Pero a veces se llevaban mal -- Cómo la pasaban los chicos -- Para ser hombres -- Amores y novios -- Seres poderosos -- El principio del fin -- Los últimos indígenas de la Tierra del Fuego cuentan el fin de su pueblo -- Principales libros sobre los selknam</subfield>
  </datafield>
  <datafield tag="020" ind1=" " ind2=" ">
   <subfield code="a">9507370416</subfield>
  </datafield>
  <datafield tag="100" ind1="1" ind2=" ">
   <subfield code="a">Palermo, Miguel Ángel.</subfield>
  </datafield>
  <datafield tag="700" ind1="1" ind2=" ">
   <subfield code="a">Boixados, Roxana Edith.</subfield>
  </datafield>
  <datafield tag="830" ind1=" " ind2="0">
   <subfield code="a">Huadi; il.</subfield>
  </datafield>
  <datafield tag="653" ind1=" " ind2=" ">
   <subfield code="a">Pueblos originarios</subfield>
  </datafield>
  <datafield tag="653" ind1=" " ind2=" ">
   <subfield code="a">Selknam</subfield>
  </datafield>
  <datafield tag="653" ind1=" " ind2=" ">
   <subfield code="a">Onas</subfield>
  </datafield>
  <datafield tag="653" ind1=" " ind2=" ">
   <subfield code="a">Pueblos originarios-Argentina</subfield>
  </datafield>
  <datafield tag="859" ind1=" " ind2=" ">
   <subfield code="a">CEMS</subfield>
   <subfield code="b">BIB. CEMS - Inicial y Primaria</subfield>
   <subfield code="h">572.982</subfield>
   <subfield code="i">P174</subfield>
   <subfield code="k">IP</subfield>
   <subfield code="p">562</subfield>
   <subfield code="t">Ej.1</subfield>
  </datafield>
  <datafield tag="859" ind1=" " ind2=" ">
   <subfield code="a">CEMS</subfield>
   <subfield code="b">BIB. CEMS - Inicial y Primaria</subfield>
   <subfield code="h">572.982</subfield>
   <subfield code="i">P174</subfield>
   <subfield code="k">IP</subfield>
   <subfield code="p">3309</subfield>
   <subfield code="t">Ej.2</subfield>
  </datafield>
 </record>
</collection>
